01007cam a22002297a 4500003000500000005001700005008004100022010001000063011001000073035001000083040000900093100003200102245027900134260004100413300001000454502010200464650002000566650002500586650003800611700003800649710009000687CHAP20220329142602.0010920d2001 mx r 00110 spa d a85294 a86266 a96804 cCHAP00aHernández Quijada, Noé.13aEl proceso de normalización y certificación de la competencia laboral en el sector rural mexicano :bestudio de caso : Asociación Nacional para Asegurar la Competencia Laboral Agropecuaria y Rural, A.C.c/por Noé Hernández Quijada y Erica María Ordoñez Pacheco aChapingo, Méx. :bEl autor,c2001. a80 h. aTesis (Lic. en Economía Agrícola) -- UACH. División de Ciencias Económico Administrativas14aCapacitación.14aCompetencia laboral.14aEducación agrícolazMéxico.00aOrdoñez Pacheco, Erica María.00aAsociación Nacional para Asegurar la Competencia Laboral Agropecuaria y Rural, A.C.